| 000 -LEADER |
| fixed length control field |
00641nam a2200157 4500 |
| 020 ## - INTERNATIONAL STANDARD BOOK NUMBER |
| ISBN |
9781785613548 |
| 082 ## - DEWEY DECIMAL CLASSIFICATION NUMBER |
| Classification number |
621.3192 |
| Item number |
B112 2021 |
| 100 ## - MAIN ENTRY--AUTHOR NAME |
| Personal name |
Baba, Yoshihiro, author. |
| 245 ## - TITLE STATEMENT |
| Title |
Lightning-induced effects in electrical and telecommunication systems / Yoshihiro Baba and Vladimir A. Rakov. |
| 260 ## - PUBLICATION, DISTRIBUTION, ETC. (IMPRINT) |
| Place of publication |
London, United Kingdom, UK : |
| Name of publisher |
The Institution of Engineering and Technology, |
| Year of publication |
2021. |
| 300 ## - PHYSICAL DESCRIPTION |
| Number of Pages |
1 online resource, xv, 243 pages : |
| Other physical details |
illustrations. |
| 500 ## - GENERAL NOTE |
| General note |
Includes bibliographical references and index. |
| 650 ## - SUBJECT ADDED ENTRY--TOPICAL TERM |
| Topical Term |
Telecommunication systems—Protection. |
| 700 ## - ADDED ENTRY--PERSONAL NAME |
| Personal name |
Rakov, Vladimir A., author. |
| 942 ## - ADDED ENTRY ELEMENTS (KOHA) |
| Koha item type |
Electronic Books |